Statistics for Olivia Rodrigo - pretty isn't pretty (Lyrics)

Click here to take the quiz!

General Stats

  • This quiz has been taken 380 times
  • The average score is 231 of 279

Answer Stats

Answer% Correct
I
100%
a
98%
Pretty
98%
pretty
98%
isn't
97%
my
95%
And
94%
and
94%
enough
94%
enough,
94%
in
94%
every
93%
try
93%
on
92%
up,
92%
up
92%
You
92%
you
92%
face
91%
the
91%
to
90%
it
89%
it,
89%
body
88%
but
88%
But
88%
change
88%
it's
88%
It's
88%
it's
88%
lipstick
88%
makeup,
88%
of
88%
so
88%
When
88%
could
87%
do?
87%
do
87%
shade
87%
Bought
86%
bought
86%
what
86%
cover
85%
cake
84%
birthdays
83%
bunch
83%
'Cause
83%
eating
83%
think
83%
stopped
82%
new
81%
skip
81%
lunch,
80%
some
80%
always
79%
me
78%
started
78%
that
78%
calm
77%
can
77%
something
77%
all
76%
same
76%
stay
76%
feel
75%
mirror
75%
prescription
74%
wrong
74%
Everybody's
73%
everybody's
73%
keeping
73%
there's
73%
There's
73%
bed
72%
looks
72%
missing
72%
win
72%
head,
71%
never
71%
battle,
69%
boys
69%
ignore
69%
shit
69%
still
69%
wall,
69%
war
69%
you'll
69%
know
68%
see
68%
bring
67%
don't
66%
even
66%
poster
66%
why
66%
everything
65%
I'd
65%
shitty
65%
magazines
63%
time,
63%
around,
62%
insecure
62%
tryna
60%
anyway
59%
just
59%
they
59%
No,
58%
things
57%
hated
56%
phone,
56%
clothes
54%
like
54%
told
54%
you'd
53%
buy
52%
fucking
50%
life
50%
fix
48%
whole
48%
matters
47%
none
47%
over
46%
again
44%
it'll
43%
ideal
42%
dumb
39%
chased
38%
ends
37%

Score Distribution

Percentile by Number Answered

Percent of People with Each Score

Your Score History

You have not taken this quiz